Guess the Tony Award Winner! Quiz Stats

 Plays Quiz not verified by Sporcle

Support Sporcle.
Go Orange.
Score 0/28 Timer 05:00
0 Plays Today
% Correct
Hugh Jackman
82.9%
Idina Menzel
80.5%
Sutton Foster
75.8%
Neil Patrick Harris
75.8%
Nathan Lane
72%
Audra McDonald
63.1%
Christian Borle
60.8%
Harvey Fierstein
52.2%
Billy Porter
49.8%
Kelli O'Hara
49.8%
Alice Ripley
45.4%
Patina Miller
45.4%
Laura Benanti
43.7%
Andrea Martin
37.5%
% Correct
Norbert Leo Butz
37.2%
Michael Cerveris
36.2%
James Monroe Iglehart
32.1%
John Gallagher Jr
31.7%
Nikki M James
29.7%
Steve Kazee
29%
Marissa Jaret Winokur
27.3%
Ruthie Ann Miles
26.3%
Sara Ramirez
25.9%
Heather Headley
24.9%
John Larroquette
24.9%
Anika Noni Rose
22.5%
John Lloyd Young
17.7%
Michael McGrath
8.9%

You're not logged in!

Compare scores with friends on all Sporcle quizzes.
OR
Log In

From the Vault

Most Populous Countries by Letter (A-Z)

by awesomeness365

Let's find out if you have a good idea about where all the people are.
Remove Ads.
Support Sporcle.
Get the best of Sporcle when you Go Orange. This ad-free experience offers more features, more stats, and more fun while also helping to support Sporcle. Thank you for becoming a member.

Show Comments

Extras

Top Quizzes Today


Score Distribution

Your Account Isn't Verified!

In order to create a playlist on Sporcle, you need to verify the email address you used during registration. Go to your Sporcle Settings to finish the process.

Report this User

Report this user for behavior that violates our Community Guidelines.

Details: